Gares sur la ligne de l'Aubrac - Statistiques

Statistiques générales
  • Ce quiz a été pris 14 fois
  • Le résultat moyen est 13 sur 29
Statistiques - réponses
Département Nb de voyageurs
(2024)
Gare % Correct
Hérault (34) 1 693 346 Béziers
93%
Puy de Dôme (63) 4 922 516 Clermont-Ferrand
93%
12 38 857 Millau
93%
Lozère (48) 94 347 Saint-Chély-d'Apcher
86%
Cantal (15) 4 924 Saint-Flour - Chaudes-Aigues
79%
Cantal (15) 41 074 Neussargues
71%
Lozère (48) 13 283 Banassac - La Canourgue
64%
48 15 765 Marvejols
64%
34 42 068 Bédarieux
57%
63 585 807 Issoire
57%
48 9 157 Aumont - Aubrac
50%
12 23 150 Sévérac-le-Château
50%
Haute Loire (43) 59 671 Arvant
43%
Puy de Dôme (63) 122 704 Brassac-les-Mines - Sainte-Florine
43%
Aveyron (12) 1 873 Campagnac - Saint-Geniez
36%
63 370 718 Clermont - La Pardieu
36%
48 1 525 Le Monastier
29%
34 713 Les Cabrils
29%
34 10 234 Magalas
29%
Haute Loire (43) 24 031 Massiac - Blesle
29%
63 77 561 Parent - Coudes - Champeix
29%
12 2 271 Tournemire - Roquefort
29%
Hérault (34) 1 772 Ceilhes - Roqueredonde
21%
63 45 730 Le Breuil-sur-Couze
21%
34 930 Lunas
21%
34 2 870 Le Bousquet d'Orb
14%
12 5 128 Saint Rome de Cernon
14%
Aveyron (12) 459 Montpaon
7%
12 1 909 St-Georges-de-Luzençon
7%
Aucun quiz correspondant
Distribution des résultats
% des personnes avec chaque résultat
Percentile par nombre de réponses
Votre historique - résultats
Vous n’avez pas pris ce quiz